1421 1672 1862 1097 1900 1075 1166 1201 1014 1989 1394 1267 1756 1622 1115 1171 1400 1963 1921 1027 1591 1531 1264 1935 1317 1921 1570 1121 1636 1866 1151 1287 1881 1813 1308 1621 1943 1657 1884 1486 1513 1912 1595 1408 1776 1982 1311 1479 1518 1993 1131 1726 1766 1282 1973 1851 1175 1569 1795 1000 1250 1498 1251 1753 1268 1596 1359 1474 1703 1774 1524 1162 1386 1469 1708 1751 1452 1520 1226 1473 1017 1895 1390 1501 1124 1769 1899 1347 1662 1465 1285 1327 1466 1441 1119 1186 1983 1513 1449 BCNSPRNW ULIB Ver.6.0+V

เปลี่ยนเป็นภาษาไทย

Change to English
 แสดงรายละเอียดบรรณานุกรม
  กลับหน้าหลัก

Brief Record : Get Marc (ISO 2709) : E-mail record : QR code < ปิดหน้าต่าง
LEADER : 00000nas 2200000uu 4500
001    13399126225
003     ULIB
008    180815s||||||||th 000 0 tha d
245 00 ^aวารสารวิทยาลัยพยาบาลบมราชชนนี สุพรรณบุรี/^bวิทยาลัยพยาบาลบรมราชชนนี สุพรรณบุรี
310    ^aราย 6 เดือน
850 ^a ULIB^bปีที่ 1 ฉบับที่ 1 ฉ.1
945    ^p0^l0^i904978
999    ^aประนอม เกษจรัล
รายการนี้ยังไม่มีแท็ก
คุณยังไม่ได้ล็อกอิน คุณสามารถมีกิจกรรมร่วมกับเว็บไซต์ได้ แต่ต้องล็อกอินก่อน ::
  ล็อกอิน

รายการสื่อสารสนเทศ (วารสาร)

ดูแบบ: กล่อง รายการ
ARRIVED
ปีที่ 1 ฉบับที่ 1 ฉ.1
สถานที่: ห้องสมุดวิทยาเขตสวรรค์ประชารักษ์ >วารสาร

BibComment


ยังไม่เคยถูกคอมเมนท์

คอมเมนท์ทรัพยากรรายการนี้
  คอมเมนท์: วารสารวิทยาลัยพย..


 Copyright 2026. Bcnsprnw @Library